[Event "Quebec-ch Senior"]
[Site "Montreal CAN"]
[Date "2014.02.09"]
[Round "5"]
[White "Lemieux, Serge"]
[Black "Senecal, Jean-Pierre"]
[Result "1-0"]
[WhiteElo "1584"]
[BlackElo "1253"]
[PlyCount "150"]
[EventDate "2014.02.07"]
[EventType "swiss"]
[EventRounds "5"]
[EventCountry "CAN"]

1. d4 Nf6 2. Bg5 e6 3. e4 Be7 4. e5 Nd5 5. Bd2 c5 6. c4 Nb6 7. Qg4 g6 8. Nf3 d5
9. b3 Nc6 10. Be2 f5 11. Qg3 cxd4 12. O-O dxc4 13. Bxc4 Nxc4 14. bxc4 d3 15.
Rd1 Nd4 16. Nxd4 Qxd4 17. Bc3 Qxc4 18. Rxd3 Bd7 19. Nd2 Qa4 20. Nb3 Qe4 21. Rd4
Qe2 22. Rad1 Bc6 23. R4d2 Qe4 24. Nd4 Bd5 25. Re2 Qg4 26. Nb5 Kf7 27. Qxg4 fxg4
28. Nc7 Rad8 29. Nxd5 exd5 30. e6+ Kg8 31. Bxh8 Kxh8 32. Red2 Rd6 33. Rxd5 Rxe6
34. Rd7 b6 35. Rxa7 Kg7 36. Kf1 Kh6 37. g3 Bc5 38. Rd2 g5 39. Rf7 Kg6 40. Rdd7
h6 41. Rg7+ Kf5 42. Rd5+ Ke4 43. Rd2 Rf6 44. Re2+ Kd3 45. Rd7+ Kc3 46. Rdd2 Kc4
47. Kg2 h5 48. Rc2+ Kd5 49. Red2+ Kc6 50. a4 h4 51. Rc4 h3+ 52. Kf1 Rf3 53.
Rxg4 Rf5 54. Rc2 Kd5 55. Ke1 Kc6 56. Re4 Kb7 57. g4 Rf6 58. Re5 Rg6 59. Ke2 Ka6
60. Rc4 Bd6 61. Re3 Bxh2 62. Rxh3 Bf4 63. Rd3 Re6+ 64. Kf1 Rh6 65. f3 Rh1+ 66.
Kg2 Rh2+ 67. Kg1 Ra2 68. Kf1 b5 69. Rc6+ Ka5 70. axb5 Kxb5 71. Rc8 Kb4 72. Rd4+
Kb3 73. Rxf4 gxf4 74. Rf8 Ra4 75. Ke2 Kc3 1-0

[Event "Quebec-ch Senior"]
[Site "Montreal CAN"]
[Date "2014.02.09"]
[Round "5"]
[White "Lessard, Sylvain"]
[Black "Ouimet, Alain"]
[Result "1/2-1/2"]
[WhiteElo "1670"]
[BlackElo "1297"]
[PlyCount "87"]
[EventDate "2014.02.07"]
[EventType "swiss"]
[EventRounds "5"]
[EventCountry "CAN"]

1. e4 d6 2. d4 Nf6 3. Nc3 c6 4. f4 Qa5 5. Bd3 Bg4 6. Nf3 d5 7. O-O Bxf3 8. Qxf3
e6 9. e5 Nfd7 10. f5 Kd8 11. fxe6 fxe6 12. Bg5+ Kc7 13. Qf7 Na6 14. Qxe6 Qb4
15. Nxd5+ cxd5 16. Qxd5 Re8 17. c3 Qb6 18. Rae1 Be7 19. Bf4 Kc8 20. Be4 Nc7 21.
Qc4 Qb5 22. Bd3 Qxc4 23. Bxc4 Rhf8 24. d5 Bc5+ 25. Kh1 Nb6 26. d6 Nxc4 27. dxc7
Nxe5 28. g3 Nd3 29. Rxe8+ Rxe8 30. b4 Bb6 31. a4 Re1 32. Rxe1 Nxe1 33. Be5 g6
34. a5 Bxc7 35. Bd4 b6 36. c4 Nd3 37. axb6 axb6 38. b5 Bd6 39. Bxb6 Bc5 40.
Bxc5 Nxc5 41. Kg2 Ne4 42. Kf3 Nd2+ 43. Kg4 Nxc4 44. Kg5 1/2-1/2

[Event "Quebec-ch Senior"]
[Site "Montreal CAN"]
[Date "2014.02.09"]
[Round "5"]
[White "Milosz, Jerzy"]
[Black "Savaria, Georges-Patrick"]
[Result "1-0"]
[WhiteElo "1539"]
[BlackElo "1396"]
[PlyCount "77"]
[EventDate "2014.02.07"]
[EventType "swiss"]
[EventRounds "5"]
[EventCountry "CAN"]

1. e4 e6 2. d4 d5 3. exd5 exd5 4. Bd3 Nc6 5. c3 Bd6 6. Nf3 Bg4 7. h3 Bh5 8. Be3
Nf6 9. Nbd2 a6 10. Qc2 Qe7 11. O-O O-O-O 12. b4 Bg6 13. a4 Nb8 14. Bg5 Qf8 15.
Ne5 Bxd3 16. Qxd3 h6 17. Qf5+ Nbd7 18. Nxd7 Rxd7 19. Bxf6 gxf6 20. Qxf6 Rg8 21.
Kh1 Rg6 22. Qf3 Be7 23. Rae1 Qg7 24. Rg1 Kd8 25. Re5 Rg5 26. Rf5 f6 27. g4 h5
28. Rg2 h4 29. Qe3 c6 30. Nf3 Rxf5 31. gxf5 Qh7 32. Qf4 Bd6 33. Qg4 Kc7 34.
Nxh4 Qe7 35. Qf3 Qe1+ 36. Rg1 Qd2 37. Rd1 Qc2 38. a5 Re7 39. Rf1 1-0

[Event "Quebec-ch Senior"]
[Site "Montreal CAN"]
[Date "2014.02.09"]
[Round "5"]
[White "Nakashima, Richard"]
[Black "Dubois, Lorraine"]
[Result "1-0"]
[WhiteElo "933"]
[BlackElo "1060"]
[PlyCount "28"]
[EventDate "2014.02.07"]
[EventType "swiss"]
[EventRounds "5"]
[EventCountry "CAN"]

1. d4 Nf6 2. c4 g6 3. Nc3 Bg7 4. Bg5 O-O 5. e4 d6 6. Bd3 e5 7. Nf3 Nc6 8. Bc2
Qe8 9. Qd2 exd4 10. Nxd4 Nxe4 11. Nxe4 Nxd4 12. O-O Bf5 13. Nf6+ Bxf6 14. Bxf6
Nxc2 1-0

[Event "Quebec-ch Senior"]
[Site "Montreal CAN"]
[Date "2014.02.09"]
[Round "5"]
[White "Nakhamtchin, Roman"]
[Black "Brunet, Guy"]
[Result "0-1"]
[WhiteElo "1399"]
[BlackElo "1584"]
[PlyCount "75"]
[EventDate "2014.02.07"]
[EventType "swiss"]
[EventRounds "5"]
[EventCountry "CAN"]

1. d4 d5 2. c4 e6 3. Nc3 Nf6 4. Bg5 Nbd7 5. e3 c6 6. Nf3 Qa5 7. Bxf6 Nxf6 8. a3
Ne4 9. b4 Nxc3 10. bxa5 Nxd1 11. Kxd1 Bd6 12. Nd2 b6 13. axb6 axb6 14. a4 Bd7
15. Bd3 c5 16. Bc2 b5 17. dxc5 Be5 18. Ra2 bxc4 19. f4 Bc3 20. e4 O-O 21. exd5
exd5 22. Nf3 f6 23. Ke2 d4 24. Kf2 d3 25. Bd1 Bb4 26. Kg3 Bxc5 27. Nd2 c3 28.
Bb3+ Kh8 29. Ne4 Bb4 30. Nf2 d2 31. Bd1 Rfe8 32. Bf3 Rxa4 33. Rxa4 Bxa4 34. Ra1
c2 35. Nd3 Bc3 36. Rg1 d1=Q 37. Bxd1 cxd1=Q 38. Rxd1 0-1

[Event "Quebec-ch Senior"]
[Site "Montreal CAN"]
[Date "2014.02.09"]
[Round "5"]
[White "Pietka, Krystyn"]
[Black "Raduica, Gheorghe"]
[Result "0-1"]
[WhiteElo "1190"]
[BlackElo "1302"]
[PlyCount "104"]
[EventDate "2014.02.07"]
[EventType "swiss"]
[EventRounds "5"]
[EventCountry "CAN"]

1. c4 d6 2. Nc3 c6 3. g3 g6 4. b3 Bg7 5. Bb2 Nh6 6. Bg2 Be6 7. Nf3 O-O 8. Ng5
Bd7 9. Qc2 f6 10. Nf3 Na6 11. a3 Qc8 12. h3 Qc7 13. d4 e5 14. O-O-O Be6 15. g4
Rad8 16. e4 Bf7 17. d5 g5 18. Kb1 c5 19. Rdg1 Be8 20. Bc1 Qe7 21. Bf1 Nc7 22.
h4 Nf7 23. hxg5 Nxg5 24. Bxg5 fxg5 25. Rg3 a6 26. Rgh3 h6 27. Qd2 b5 28. cxb5
axb5 29. b4 c4 30. Ne2 Ra8 31. Kb2 Bd7 32. Rg1 Ra6 33. Qe3 Rfa8 34. Ng3 Bxg4
35. Rh2 Bxf3 36. Qxf3 Rxa3 37. Qxa3 Rxa3 38. Kxa3 Qe8 39. Nf5 Qa8+ 40. Kb2 Qa4
41. Nxh6+ Kf8 42. Nf5 Qxb4+ 43. Kc1 Qe1+ 44. Kb2 Qd2+ 45. Ka1 c3 46. f3 Qxh2
47. Rg2 Qf4 48. Kb1 Qxf3 49. Ng3 Qd1+ 50. Ka2 c2 51. Be2 Qb1+ 52. Ka3 c1=Q# 0-1

[Event "Quebec-ch Senior"]
[Site "Montreal CAN"]
[Date "2014.02.09"]
[Round "5"]
[White "Plouffe, Michel"]
[Black "Blondin, Bernard"]
[Result "0-1"]
[WhiteElo "1010"]
[BlackElo "865"]
[PlyCount "138"]
[EventDate "2014.02.07"]
[EventType "swiss"]
[EventRounds "5"]
[EventCountry "CAN"]

1. d4 d5 2. Nf3 e6 3. Bf4 Nf6 4. Nbd2 Be7 5. e3 O-O 6. Bd3 h6 7. Qe2 a6 8.
O-O-O c5 9. dxc5 Bxc5 10. Nb3 Qb6 11. Nxc5 Qxc5 12. h4 Bd7 13. Ne5 Bb5 14. g4
Bxd3 15. Rxd3 Nbd7 16. Nxd7 Nxd7 17. Rc3 Qa5 18. Kb1 Nc5 19. Ra3 Qb6 20. g5 g6
21. gxh6 Kh7 22. h5 Rg8 23. c3 Qc6 24. Qc2 f5 25. b4 Ne4 26. f3 Nf6 27. Be5
Raf8 28. Kb2 gxh5 29. Bf4 Rg6 30. Kb3 Qc4+ 31. Kb2 Rfg8 32. Rh2 Qf1 33. Rf2 Qg1
34. Bh2 Qh1 35. Qc1 Qxc1+ 36. Kxc1 Rg2 37. Rxg2 Rxg2 38. Be5 Ne8 39. Bf4 h4 40.
Ra5 h3 41. Rc5 Nf6 42. Rc7+ Kg6 43. Rg7+ Kh5 44. Rxg2 hxg2 45. Bh2 Kxh6 46. Bg1
b6 47. Kd1 Kh5 48. Ke1 Kh4 49. Kf2 Kh3 50. a4 b5 51. a5 e5 52. Ke2 Nh5 53. Kf2
e4 54. f4 Nf6 55. Ke1 Nh5 56. Kf2 Ng3 57. Ke1 Nh1 58. Ke2 Kg4 59. Ke1 Kf3 60.
Kd2 Nf2 61. Kc1 Nd3+ 62. Kd2 Nb2 63. Ke1 Nc4 64. Kd1 Nxe3+ 65. Kd2 Nc4+ 66. Ke1
e3 67. Bxe3 Nxe3 68. c4 dxc4 69. Kd2 g1=Q 0-1

[Event "Quebec-ch Senior"]
[Site "Montreal CAN"]
[Date "2014.02.09"]
[Round "5"]
[White "Prahov, Valentin"]
[Black "Boudreau, Daniel"]
[Result "1-0"]
[WhiteElo "2237"]
[BlackElo "2026"]
[PlyCount "87"]
[EventDate "2014.02.07"]
[EventType "swiss"]
[EventRounds "5"]
[EventCountry "CAN"]

1. e4 c5 2. d4 cxd4 3. c3 Nf6 4. e5 Nd5 5. cxd4 e6 6. Nc3 d6 7. Nf3 Nc6 8. Bb5
Nxc3 9. bxc3 d5 10. Bd2 Bd7 11. Bd3 Na5 12. Ng5 g6 13. h4 h6 14. Nf3 Nc4 15.
Bxc4 dxc4 16. h5 g5 17. Nh2 Bc6 18. O-O Qd5 19. f3 g4 20. Nxg4 Be7 21. a4 Qa5
22. Qe2 Qa6 23. Ne3 Bxa4 24. Nxc4 Qc6 25. Rfb1 b5 26. Ne3 Bg5 27. Ng4 Be7 28.
Qd3 O-O-O 29. Nxh6 Rxh6 30. Bxh6 Rh8 31. Bd2 Rxh5 32. Kf2 Bh4+ 33. g3 Bd8 34.
Rh1 Rxh1 35. Rxh1 Bb6 36. Rh7 Kb7 37. Rxf7+ Ka6 38. g4 Bb3 39. g5 Bc4 40. Qe4
Bd5 41. Qb1 Ba5 42. Qa1 Kb6 43. g6 Qe8 44. Qa3 1-0

[Event "Quebec-ch U10"]
[Site "Montreal CAN"]
[Date "2014.01.18"]
[Round "1"]
[White "Goga, Flavia Maria"]
[Black "Zhong, Wenxuan"]
[Result "0-1"]
[WhiteElo "922"]
[BlackElo "1290"]
[PlyCount "46"]
[EventDate "2014.01.18"]
[EventType "swiss"]
[EventRounds "5"]
[EventCountry "CAN"]

1. e4 c5 2. Nc3 Nc6 3. Nf3 e6 4. Bb5 Be7 5. O-O a6 6. Bxc6 bxc6 7. d3 d5 8. Re1
Nf6 9. e5 Nd7 10. h3 O-O 11. Bd2 f6 12. exf6 Nxf6 13. Be3 d4 14. Bxd4 cxd4 15.
Ne2 c5 16. Qd2 Bb7 17. Ne5 Bd6 18. Nc4 Bc7 19. Rab1 a5 20. Red1 Qe8 21. c3 Qg6
22. f3 Bxf3 23. Rf1 Qxg2# 0-1

[Event "Quebec-ch U10"]
[Site "Montreal CAN"]
[Date "2014.01.18"]
[Round "2"]
[White "Bercuvitz, Tani"]
[Black "Mocanu, Alexander"]
[Result "0-1"]
[WhiteElo "976"]
[BlackElo "950"]
[PlyCount "78"]
[EventDate "2014.01.18"]
[EventType "swiss"]
[EventRounds "5"]
[EventCountry "CAN"]

1. d4 d5 2. c4 e6 3. Nc3 c5 4. e3 Nf6 5. Nf3 Nc6 6. Ne5 Be7 7. Nxc6 bxc6 8. Be2
O-O 9. O-O Ba6 10. cxd5 Bxe2 11. Qxe2 cxd5 12. h3 c4 13. e4 Re8 14. Bg5 h6 15.
Bh4 Nxe4 16. Nxe4 Bxh4 17. Ng3 Bxg3 18. fxg3 Qb6 19. Qf2 Re7 20. Rab1 f5 21. b3
cxb3 22. Rxb3 Qd6 23. Rfb1 g5 24. Qf3 a5 25. Qh5 Kh7 26. Rb7 Ra7 27. Rb8 Qd7
28. Rf8 Rf7 29. Rbb8 Rxf8 30. Rxf8 Qg7 31. Re8 Re7 32. Rxe7 Qxe7 33. Qe2 Qb4
34. Qd1 a4 35. Kf2 Qb2+ 36. Qe2 a3 37. Ke1 Qxd4 38. Qf3 Qa1+ 39. Qd1 Qxa2 0-1

[Event "Quebec-ch U10"]
[Site "Montreal CAN"]
[Date "2014.01.18"]
[Round "2"]
[White "Zhong, Wenxuan"]
[Black "Huang, Qiuyu"]
[Result "1-0"]
[WhiteElo "1290"]
[BlackElo "1580"]
[PlyCount "59"]
[EventDate "2014.01.18"]
[EventType "swiss"]
[EventRounds "5"]
[EventCountry "CAN"]

1. e4 c5 2. Nf3 a6 3. Nc3 e6 4. d4 cxd4 5. Nxd4 Qc7 6. Be3 Bb4 7. Bd2 Nf6 8.
Bd3 Nc6 9. Nde2 b5 10. O-O Bb7 11. f4 Bc5+ 12. Kh1 Ng4 13. Nd4 h5 14. Nxc6 Qxc6
15. Qe2 Qb6 16. Nd1 d5 17. e5 b4 18. h3 g6 19. c3 Nh6 20. Ne3 Nf5 21. Nxf5 gxf5
22. cxb4 Bxb4 23. Be3 d4 24. Bf2 Rg8 25. Rg1 Rh8 26. a3 Be7 27. b4 Rc8 28. Qb2
Rd8 29. Rad1 a5 30. Bxd4 1-0

[Event "Quebec-ch U10"]
[Site "Montreal CAN"]
[Date "2014.01.18"]
[Round "3"]
[White "Huang, Qiuyu"]
[Black "Liu, Robert"]
[Result "1-0"]
[WhiteElo "1580"]
[BlackElo "981"]
[PlyCount "63"]
[EventDate "2014.01.18"]
[EventType "swiss"]
[EventRounds "5"]
[EventCountry "CAN"]

1. e4 e5 2. Nf3 Nc6 3. Bc4 Nf6 4. d3 Bc5 5. Nc3 d6 6. Bg5 h6 7. Bh4 g5 8. Bg3
Bg4 9. h3 Bh5 10. Nd5 Nxd5 11. Bxd5 Qd7 12. c3 O-O-O 13. b4 Bb6 14. a4 a5 15.
Rb1 Bg6 16. Qb3 axb4 17. cxb4 Nd4 18. Nxd4 Bxd4 19. b5 Bb6 20. O-O Ba5 21. Rfc1
Kb8 22. Rc6 b6 23. f3 h5 24. Be1 Bxe1 25. Rxe1 Qe7 26. a5 bxa5 27. b6 Kb7 28.
Rxc7+ Kb8 29. Rxe7 Rhf8 30. Qc4 Rc8 31. Rb7+ Ka8 32. Qa6# 1-0

[Event "Quebec-ch U10"]
[Site "Montreal CAN"]
[Date "2014.01.19"]
[Round "4"]
[White "Goga, Flavia Maria"]
[Black "Bercuvitz, Tani"]
[Result "1-0"]
[WhiteElo "922"]
[BlackElo "976"]
[PlyCount "56"]
[EventDate "2014.01.18"]
[EventType "swiss"]
[EventRounds "5"]
[EventCountry "CAN"]

1. e4 e5 2. Nf3 Nc6 3. Nc3 Nf6 4. Bb5 Nd4 5. Nxd4 exd4 6. Ne2 Nxe4 7. Nxd4 Bc5
8. Qe2 Qe7 9. c3 Nf6 10. Qxe7+ Bxe7 11. O-O O-O 12. Nf3 b6 13. d4 Bb7 14. Ne5
d6 15. Nc6 Bxc6 16. Bxc6 Rad8 17. Re1 Rfe8 18. Bxe8 Rxe8 19. Bg5 c6 20. Bxf6
gxf6 21. c4 Kf8 22. d5 cxd5 23. cxd5 Rc8 24. Rac1 Rb8 25. Rc7 Re8 26. Rxa7 Bd8
27. Rxe8+ Kxe8 28. Ra3 Kf8 1-0

[Event "Quebec-ch U10"]
[Site "Montreal CAN"]
[Date "2014.01.19"]
[Round "4"]
[White "Liu, Robert"]
[Black "Zhong, Wenxuan"]
[Result "0-1"]
[WhiteElo "981"]
[BlackElo "1290"]
[PlyCount "62"]
[EventDate "2014.01.18"]
[EventType "swiss"]
[EventRounds "5"]
[EventCountry "CAN"]

1. e4 e5 2. Nf3 Nc6 3. Bb5 a6 4. Ba4 Nf6 5. Nc3 b5 6. Bb3 Be7 7. d3 O-O 8. O-O
d6 9. h3 Na5 10. Bd2 Nxb3 11. axb3 Be6 12. Nh2 d5 13. Kh1 b4 14. Na2 dxe4 15.
dxe4 Nxe4 16. Bxb4 c5 17. Qxd8 Raxd8 18. Ba5 Rd7 19. Kg1 c4 20. bxc4 Bxc4 21.
Rfe1 f5 22. g4 Bc5 23. Bb4 Bxf2+ 24. Kg2 Bxe1 25. Bxf8 Rd2+ 26. Kh1 Ng3+ 27.
Kg1 Bf2+ 28. Kg2 Bd5+ 29. Nf3 Be1+ 30. Kg1 Bxf3 31. Rxe1 Rg2# 0-1

[Event "Quebec-ch U10"]
[Site "Montreal CAN"]
[Date "2014.01.19"]
[Round "5"]
[White "Demers, Alexis"]
[Black "Zhong, Wenxuan"]
[Result "0-1"]
[WhiteElo "1177"]
[BlackElo "1290"]
[PlyCount "46"]
[EventDate "2014.01.18"]
[EventType "swiss"]
[EventRounds "5"]
[EventCountry "CAN"]

1. d4 d5 2. c4 e6 3. Nc3 Nf6 4. Bf4 c6 5. e3 Nbd7 6. a3 Be7 7. Be2 O-O 8. Bg5
c5 9. Nf3 Qb6 10. Rb1 cxd4 11. Nxd4 Qa5 12. Nb3 Qb6 13. cxd5 exd5 14. Nxd5 Nxd5
15. Bxe7 Nxe7 16. O-O Nf6 17. Bd3 Bd7 18. Nd2 Rfd8 19. Nc4 Qc7 20. Rc1 Nc6 21.
b4 a6 22. Qb3 Be6 23. Rfd1 b5 0-1

[Event "Quebec-ch U10"]
[Site "Montreal CAN"]
[Date "2014.01.19"]
[Round "5"]
[White "Mocanu, Alexander"]
[Black "Goga, Flavia Maria"]
[Result "0-1"]
[WhiteElo "950"]
[BlackElo "922"]
[PlyCount "91"]
[EventDate "2014.01.18"]
[EventType "swiss"]
[EventRounds "5"]
[EventCountry "CAN"]

1. e4 e5 2. Nf3 Nc6 3. Nc3 Nf6 4. Bc4 Bc5 5. d3 d6 6. O-O O-O 7. Be3 Be6 8. Bb3
Qe7 9. Re1 Bd4 10. Bxd4 exd4 11. Ne2 Ne5 12. Nexd4 Nxf3+ 13. Nxf3 Bg4 14. h3
Bxf3 15. Qxf3 g6 16. a4 Nh5 17. g4 Qf6 18. Qxf6 Nxf6 19. f4 c6 20. e5 dxe5 21.
fxe5 Nd7 22. e6 fxe6 23. Bxe6+ Kg7 24. Bxd7 Rad8 25. Be6 Rfe8 26. Bb3 Rxe1+ 27.
Rxe1 Kf8 28. Rf1+ Kg7 29. Rf7+ Kh6 30. Rxb7 Ra8 31. Rc7 Re8 32. Kf2 Rf8+ 33.
Rf7 Rxf7+ 34. Bxf7 Kg7 35. Bc4 h5 36. d4 Kf8 37. d5 cxd5 38. Bxd5 Ke7 39. c4
Kf6 40. b4 hxg4 41. hxg4 Kg5 42. c5 Kxg4 43. c6 g5 44. c7 Kh5 45. c8=Q g4 46.
Qh8+ 0-1

[Event "Quebec-ch U12"]
[Site "Montreal CAN"]
[Date "2014.01.17"]
[Round "1"]
[White "Demchenko, Svitlana"]
[Black "Ouellet, Maili-Jade"]
[Result "0-1"]
[WhiteElo "1328"]
[BlackElo "1720"]
[PlyCount "90"]
[EventDate "2014.01.17"]
[EventType "swiss"]
[EventRounds "5"]
[EventCountry "CAN"]

1. e4 c5 2. Nf3 e6 3. d4 cxd4 4. Nxd4 Nf6 5. Bd3 Nc6 6. Nxc6 bxc6 7. O-O d5 8.
exd5 cxd5 9. Bf4 Bc5 10. Nc3 O-O 11. a3 a5 12. Bg5 h6 13. Bh4 g5 14. Bg3 Re8
15. h4 g4 16. Be5 Bb7 17. Bb5 Rf8 18. Qd2 Kh7 19. Qf4 Ne4 20. Nxe4 dxe4 21. Bf6
Bd6 22. Bxd8 Bxf4 23. Be7 Rfc8 24. c3 e3 25. Rad1 exf2+ 26. Kxf2 Rc7 27. Bd6
g3+ 28. Kg1 Bxd6 29. Rxd6 Rg8 30. Bd3+ Kh8 31. Rf4 Re7 32. Rc4 Bd5 33. Rd4 Bb3
34. Bc4 e5 35. Re4 Bxc4 36. Rxc4 Kh7 37. Rd5 f5 38. Rcc5 Rge8 39. Kf1 a4 40.
Ra5 f4 41. Ke2 e4 42. Rxa4 f3+ 43. Kf1 e3 44. gxf3 g2+ 45. Kxg2 e2 0-1

[Event "Quebec-ch U12"]
[Site "Montreal CAN"]
[Date "2014.01.17"]
[Round "1"]
[White "Tinica, Gabriel"]
[Black "Mikhaylov, Dimitry"]
[Result "1-0"]
[WhiteElo "1363"]
[BlackElo "1075"]
[PlyCount "89"]
[EventDate "2014.01.17"]
[EventType "swiss"]
[EventRounds "5"]
[EventCountry "CAN"]

1. d4 d5 2. c4 e6 3. Nc3 b6 4. Nf3 Bb7 5. e3 Nf6 6. Bd3 Bd6 7. O-O O-O 8. cxd5
exd5 9. Qc2 Re8 10. Ng5 Ne4 11. Ngxe4 dxe4 12. Bb5 Re7 13. d5 c6 14. dxc6 Nxc6
15. Rd1 Qc7 16. Nd5 Qd8 17. Nxe7+ Qxe7 18. Bxc6 Rc8 19. Qxe4 Qc7 20. Bxb7 Rb8
21. Qc6 Bxh2+ 22. Kh1 Qe5 23. Qd5 Qc7 24. Qd7 Qxd7 25. Rxd7 Be5 26. Bd5 Kh8 27.
Rb7 Rd8 28. e4 f5 29. f3 fxe4 30. fxe4 Rf8 31. Rf7 Rc8 32. Be6 Rd8 33. Bg5 Re8
34. Bd7 Rb8 35. Raf1 h6 36. Rf8+ Rxf8 37. Rxf8+ Kh7 38. Bf4 Bxb2 39. Bf5+ g6
40. Rf7+ Kg8 41. Bxg6 a5 42. Bxh6 Ba3 43. Rc7 Bf8 44. Rc8 Kh8 45. Rxf8# 1-0

[Event "Quebec-ch U12"]
[Site "Montreal CAN"]
[Date "2014.01.18"]
[Round "2"]
[White "Ouellet, Maili-Jade"]
[Black "Guan, Zi Yu"]
[Result "1-0"]
[WhiteElo "1720"]
[BlackElo "1522"]
[PlyCount "47"]
[EventDate "2014.01.17"]
[EventType "swiss"]
[EventRounds "5"]
[EventCountry "CAN"]

1. d4 Nf6 2. c4 e6 3. Nc3 Bb4 4. Qc2 d5 5. Bg5 Nc6 6. e3 h6 7. Bh4 Be7 8. a3 a6
9. cxd5 Nxd5 10. Bxe7 Ncxe7 11. e4 Nxc3 12. bxc3 b5 13. f4 c6 14. Nf3 a5 15.
Bd3 f5 16. O-O fxe4 17. Bxe4 O-O 18. Ne5 Nd5 19. Rf3 Nxf4 20. Raf1 Qg5 21. Bh7+
Kh8 22. Rxf4 Rxf4 23. Rxf4 Ra7 24. Rf8# 1-0

[Event "Quebec-ch U12"]
[Site "Montreal CAN"]
[Date "2014.01.18"]
[Round "2"]
[White "Tsypin, Allison"]
[Black "Demchenko, Svitlana"]
[Result "1/2-1/2"]
[WhiteElo "1310"]
[BlackElo "1328"]
[PlyCount "63"]
[EventDate "2014.01.17"]
[EventType "swiss"]
[EventRounds "5"]
[EventCountry "CAN"]

1. d4 d5 2. c4 c6 3. Nf3 Nf6 4. Nc3 e6 5. Bg5 Be7 6. e3 Nbd7 7. Rb1 h6 8. Bh4
O-O 9. Bd3 dxc4 10. Bxc4 c5 11. O-O cxd4 12. Nxd4 Ne5 13. Be2 Bd7 14. Rc1 Rc8
15. Bg3 Nc6 16. Nxc6 Bxc6 17. Nb5 Qxd1 18. Rfxd1 Bxb5 19. Bxb5 a6 20. Be2 Rfd8
21. Bf3 Rxd1+ 22. Rxd1 b5 23. h3 Rc5 24. Kh2 Kf8 25. Rd2 Ke8 26. a3 a5 27. Re2
Nd7 28. Rd2 Nf6 29. Re2 Nd5 30. Rd2 b4 31. axb4 Nxb4 32. b3 1/2-1/2

[Event "Quebec-ch U12"]
[Site "Montreal CAN"]
[Date "2014.01.18"]
[Round "2"]
[White "Zhang, Hou Han"]
[Black "Tinica, Gabriel"]
[Result "1/2-1/2"]
[WhiteElo "1501"]
[BlackElo "1363"]
[PlyCount "36"]
[EventDate "2014.01.17"]
[EventType "swiss"]
[EventRounds "5"]
[EventCountry "CAN"]

1. e4 c5 2. Nf3 d6 3. d4 cxd4 4. Nxd4 Nf6 5. Nc3 g6 6. Be3 Bg7 7. f3 Nc6 8. Qd2
O-O 9. Bc4 Bd7 10. O-O-O Rc8 11. Bb3 Ne5 12. g4 b5 13. h4 b4 14. Nd5 Nxd5 15.
Bxd5 e6 16. Bg5 Qa5 17. Bb3 Nc4 18. Qe2 d5 1/2-1/2

[Event "Quebec-ch U12"]
[Site "Montreal CAN"]
[Date "2014.01.18"]
[Round "3"]
[White "Demchenko, Svitlana"]
[Black "Khashper, Jonathan"]
[Result "1-0"]
[WhiteElo "1328"]
[BlackElo "950"]
[PlyCount "47"]
[EventDate "2014.01.17"]
[EventType "swiss"]
[EventRounds "5"]
[EventCountry "CAN"]

1. e4 e5 2. Nf3 Nc6 3. d4 exd4 4. Nxd4 Nf6 5. Nc3 Bb4 6. Nxc6 dxc6 7. Qxd8+
Kxd8 8. Bd3 Be6 9. O-O Ke7 10. Bg5 h6 11. Bh4 g5 12. Bg3 h5 13. h4 gxh4 14.
Bxh4 Bd6 15. f4 Rag8 16. e5 Bc5+ 17. Kh2 Rh6 18. Bxf6+ Rxf6 19. exf6+ Kf8 20.
Ne4 Bd4 21. c3 Be3 22. Rae1 Bb6 23. Ng5 Bd5 24. Nh7# 1-0

[Event "Quebec-ch U12"]
[Site "Montreal CAN"]
[Date "2014.01.18"]
[Round "3"]
[White "Durette, Francis"]
[Black "Guan, Zi Yu"]
[Result "0-1"]
[WhiteElo "1285"]
[BlackElo "1522"]
[PlyCount "68"]
[EventDate "2014.01.17"]
[EventType "swiss"]
[EventRounds "5"]
[EventCountry "CAN"]

1. e4 c5 2. c3 e5 3. d4 cxd4 4. cxd4 exd4 5. Qxd4 Nc6 6. Qd1 Nf6 7. Nc3 Bb4 8.
Bd3 d6 9. a3 Ba5 10. b4 Bb6 11. Nf3 Bg4 12. h3 Bh5 13. Bg5 Bd4 14. Rc1 h6 15.
Bh4 Rc8 16. g4 Bg6 17. Nxd4 Nxd4 18. Qa4+ Kf8 19. Qd1 Bh7 20. Bb1 Ne6 21. Qd2
g5 22. Bg3 Ke7 23. Rd1 Nf4 24. Bxf4 gxf4 25. Qb2 Re8 26. e5 Bxb1 27. exf6+ Kf8+
28. Ne2 Rc2 29. Qxb1 Rexe2+ 30. Kf1 Rxf2+ 31. Kg1 Rg2+ 32. Kf1 Rcf2+ 33. Ke1
Qe8+ 34. Qe4 Qxe4# 0-1

[Event "Quebec-ch U12"]
[Site "Montreal CAN"]
[Date "2014.01.18"]
[Round "3"]
[White "Mikhaylov, Dimitry"]
[Black "Zhang, Hou Han"]
[Result "0-1"]
[WhiteElo "1075"]
[BlackElo "1501"]
[PlyCount "90"]
[EventDate "2014.01.17"]
[EventType "swiss"]
[EventRounds "5"]
[EventCountry "CAN"]

1. e4 c5 2. Nc3 d6 3. Bc4 Nf6 4. Nf3 Nc6 5. d3 g6 6. Bd2 Bg7 7. O-O O-O 8. Qc1
Bg4 9. Ne1 Nd4 10. f3 Bd7 11. Be3 Nc6 12. Qd2 a6 13. a4 Rb8 14. f4 Ng4 15. Nf3
Nxe3 16. Qxe3 Bd4 17. Nxd4 cxd4 18. Qd2 dxc3 19. Qxc3 Qb6+ 20. Kh1 Qb4 21. f5
Qxc3 22. bxc3 Kg7 23. d4 b5 24. axb5 axb5 25. Bb3 b4 26. d5 Ne5 27. Rf2 bxc3
28. h3 Ra8 29. Raf1 f6 30. fxg6 hxg6 31. Kh2 Ba4 32. Bxa4 Rxa4 33. Re2 Rb8 34.
Re3 Ra3 35. Rfe1 Rb2 36. R1e2 Nc4 37. Rf3 Nd2 38. Rff2 Rxc2 39. Re1 Raa2 40.
Rfe2 Nc4 41. Rxc2 Rxc2 42. Rd1 Rd2 43. Rc1 c2 44. Kg3 Na3 45. Kf3 Rd1 0-1

[Event "Quebec-ch U12"]
[Site "Montreal CAN"]
[Date "2014.01.18"]
[Round "3"]
[White "Tinica, Gabriel"]
[Black "Ouellet, Maili-Jade"]
[Result "0-1"]
[WhiteElo "1363"]
[BlackElo "1720"]
[PlyCount "102"]
[EventDate "2014.01.17"]
[EventType "swiss"]
[EventRounds "5"]
[EventCountry "CAN"]

1. d4 d5 2. c4 e6 3. Nc3 c6 4. e3 Nf6 5. Nf3 Nbd7 6. Bd3 dxc4 7. Bxc4 b5 8. Bd3
a6 9. O-O Bb7 10. Ne4 c5 11. Nxf6+ Nxf6 12. dxc5 Bxc5 13. Qe2 O-O 14. Rd1 Qb6
15. a3 b4 16. Rb1 Ne4 17. Qc2 b3 18. Qc4 Bd5 19. Qa4 Rfd8 20. Ne5 Qc7 21. Nf3
Qe7 22. Re1 f5 23. Bc4 Qb7 24. h3 h5 25. Ne5 g5 26. f3 Nf6 27. Bd2 Kg7 28. Bc3
f4 29. Bd4 Bxd4 30. exd4 Qb6 31. Bxd5 Rxd5 32. Rbd1 Rad8 33. Qc6 Nd7 34. Qxb6
Nxb6 35. Nc6 R8d6 36. Nb4 Ra5 37. Rc1 Ra4 38. Re5 Kf6 39. Re4 a5 40. Nc6 Nc4
41. Na7 Nxb2 42. Nb5 Rb6 43. Nc3 Rxa3 44. d5 Nd3 45. dxe6 Rxe6 46. Nd5+ Kf5 47.
Rxe6 Kxe6 48. Nc7+ Kf5 49. Nb5 b2 50. Rb1 Ra1 51. Nc3 a4 0-1